000 00283nam a22001097a 4500
008 170120b xxu||||| |||| 00| 0 eng d
020 _a9780323022019
041 _aeng
080 _23RD
_a618.2
245 _aUSING INTERETIONS & CLINICAL SKILLS
_cELKIN & PERRY & POTTER
942 _2udc
_cBK
999 _c3240
_d3240